000 00652nam a2200277Ia 4500
005 20260324143457.0
008 008 260324s9999 xx 000 0 eng d
020 _a9780429306464
037 _aEBOOK
040 _aCRL
040 _beng
040 _cCRL
041 _2eng
041 _aeng
084 _qCRL
100 _aAziz Haidar
_91215776
245 0 _aSocial Welfare Services For Israel's Arab Population
260 _bTaylor and Francis
260 _c1991
365 _a
365 _b145
856 _uhttp://www.taylorfrancis.com/books/9780429306464
942 _cEBOOK
999 _c1821226
_d1821226